Normal view
MARC view
Entry Meeting Name
001 - CONTROL NUMBER
- control field: 244591
003 - CONTROL NUMBER IDENTIFIER
- control field:
005 - DATE AND TIME OF LATEST TRANSACTION
- control field: 20210601204447.0
008 - FIXED-LENGTH DATA ELEMENTS
- fixed length control field: 210601|| aca||aabn | a|a d
040 ## - CATALOGING SOURCE
- Original cataloging agency:
- Transcribing agency:
111 ## - HEADING--MEETING NAME
- Meeting name or jurisdiction name as entry element: Joint FAO/WHO Conference on Food Additives
- Date of meeting or treaty signing: (1959 :
- Location of meeting: Rome)
670 ## - SOURCE DATA FOUND
- Source citation: Work cat.: (): Joint FAO/WHO Conference on Food Additives (1959 : Rome), Specifications for identity and purity of food additives :, 1963
